| 000 | 00746nam a22001937a 4500 | ||
|---|---|---|---|
| 999 |
_c11947 _d11947 |
||
| 005 | 20200813112533.0 | ||
| 008 | 181109b ||||| |||| 00| 0 eng d | ||
| 020 | _a9780194370882 | ||
| 040 | _cPK-IsLIS | ||
| 082 |
_a420 _bW6336 |
||
| 100 | _aWiddowson, H. G. | ||
| 245 |
_aExplorations in applied linguistics 2 _c/ H.G. WIddowson |
||
| 260 |
_aHong Kong : _bOxford University Press, _c1984 |
||
| 300 | _a262 p. | ||
| 650 | _aApplied linguistics | ||
| 650 | _aLanguage and languages--Study and teaching | ||
| 942 | _cBK | ||
| 505 | 0 | _a1. Theory and practice 2. Discourse: the use of written language 3. Discourse: schema, procedure, and sign 4. The use of literature 5. English for specific purposes 6. Communicative language teaching | |